Plant geography. (Record no. 24433)

MARC details
000 -LEADER
fixed length control field 00291nam a2200121Ia 4500
082 ## - DEWEY DECIMAL CLASSIFICATION NUMBER
Classification number 581.9
Item number KEL
100 ## - MAIN ENTRY--AUTHOR NAME
Personal name KELLMAN, Martin C
245 #0 - TITLE STATEMENT
Title Plant geography.
260 ## - PUBLICATION, DISTRIBUTION, ETC. (IMPRINT)
Place of publication London
Name of publisher Methuen
Year of publication 1975
650 ## - SUBJECT ADDED ENTRY--TOPICAL TERM
Topical Term Plant geography
942 ## - ADDED ENTRY ELEMENTS (KOHA)
Koha item type Books
Holdings
Withdrawn status Lost status Damaged status Not for loan Home library Current library Date acquired Full call number Accession Number Koha item type
        RRII Library RRII Library 16/12/2021 581.9 KEL 05115 Books